Statistics for Bollywood

Click here to take the quiz!

General Stats

  • This quiz has been taken 746 times
  • The average score is 5 of 12

Answer Stats

HintAnswer% Correct
Romance KingShahrukh Khan
90%
Rohit Shetty's most popular SeriesGolmaal
76%
Name of SRK's bunglowMannat
71%
India's First 3D Dancing MovieABCD
70%
Nargis Fakri's Debue filmRockstar
55%
Most Earner FilmChennai Express
30%
IIFA 2013 held at?Macau
21%
Movie shot in Fiji3G
20%
India's first 3D filmChota Chetan
18%
India's first 3D horror FilmHaunted
17%
Worlds Biggest film studio?Ramoji Film City
17%
Official channel of BollywoodUTV Stars
6%

Score Distribution

Percentile by Number Answered

Percent of People with Each Score

Your Score History

You have not taken this quiz